| 000 | 01378cam a22003131i 4500 | ||
|---|---|---|---|
| 003 | SA-RiAUC | ||
| 005 | 20250709115308.0 | ||
| 008 | 250629s2015 le f 00000bara c | ||
| 020 | _a9786144183052 | ||
| 040 |
_aSA-JeALM _bara _cSA-RiAUC _erda |
||
| 043 | _aa-su--- | ||
| 082 | 0 | 4 |
_a923.1 _qSA-RiAUC |
| 090 |
_a923.1 _bح ا ر |
||
| 100 | 1 |
_aالحارثي، يوسف محمد _eمؤلف. |
|
| 245 | 1 | 0 |
_aقانون الشريف أبي نمي بين الوهم والحقيقة : _bدراسة تاريخية / _cالشريف يوسف محمد الحارثي. |
| 250 | _aالطبعة الأولى. | ||
| 264 | 1 |
_aبيروت، لبنان : _bجداول للنشر والترجمة والتوزيع، _c2015 |
|
| 300 |
_a144 صفحة ؛ _c20 سم |
||
| 336 |
_aنص _btxt _2rdacontent _3كتاب |
||
| 337 |
_aبدون وسيط _bn _2rdamedia |
||
| 338 |
_aمجلد _bnc _2rdacarrier |
||
| 500 | _aإهداء من المؤلف يوسف محمد الحارثي بتاريخ 1437/3/2 هـ | ||
| 600 | 1 | 7 |
_aأبو نمي، محمد بن بركات بن محمد، _d992-911 هجري _2aucnm |
| 650 | 7 |
_aالقانون _zمكة المكرمة _2aucsh |
|
| 651 | 7 |
_aالحجاز (السعودية) _xتاريخ _2aucsh |
|
| 651 | 7 |
_aالحجاز (السعودية) _xملوك وحكام _vتراجم _2aucsh |
|
| 942 |
_2ddc _cBOOK _n0 |
||
| 949 |
_aSA-JeALM _d250629 _umohamedma123 _n1 |
||
| 999 |
_c9659 _d9659 |
||